| 000 | 00536nam a22002057a 4500 | ||
|---|---|---|---|
| 003 | OSt | ||
| 005 | 20140310184510.0 | ||
| 008 | 121113t xxu||||| |||| 00| 0 eng d | ||
| 020 | _a0439738911 | ||
| 050 |
_aPS 3232 _b.K47 2005 |
||
| 100 |
_aKerley, Barbara _926188 |
||
| 245 |
_aWalt Whitman : _bwords for America / _cBarbara Kerley |
||
| 260 |
_aNew York _bScholastic Inc _c2005. |
||
| 300 |
_g30 cm. _a50 p. : _bcol. ill. ; |
||
| 521 | _aG8 | ||
| 526 | _c970 | ||
| 942 |
_2lcc _cBK-SCHOLAS |
||
| 999 |
_c34899 _d34899 |
||